World Cup hat tricks (or more) - Statistics

General Stats
  • This quiz has been taken 196 times
    90 since last reset
  • The average score is 14 of 51
Answer Stats
World Cup Country Player % Correct
2018 Portugal Cristiano Ronaldo
100%
2022 France Kylian Mbappé
95%
2018 England Harry Kane
94%
1970 West Germany Gerd Müller
86%
2014 Germany Thomas Müller
86%
2022 Portugal Gonçalo Ramos
68%
1958 Brazil Pelé
68%
2002 Germany Miroslav Klose
65%
2014 Switzerland Xherdan Shaqiri
60%
1994 - 1998 Argentina Gabriel Batistuta
57%
2010 Argentina Gonzalo Higuain
56%
1958 France Just Fontaine
47%
1966 Portugal Eusebio
46%
1986 England Gary Lineker
40%
1982 Italy Paolo Rossi
38%
1966 England Geoffrey Hurst
33%
1994 Russia Oleg Salenko
31%
2002 Portugal Pedro Miguel Pauleta
31%
1986 Spain Emilio Butragueño
30%
1982 West Germany Karl-Heinz Rummenigge
28%
1954 Hungary Sándor Kocsis
25%
1982 Poland Zbigniew Boniek
23%
1986 Soviet Union Igor Belanov
20%
1978 Peru Teófilo Cubillas
20%
1982 Hungary László Kiss
16%
1938 Brazil Leônidas da Silva
16%
1962 Hungary Flórián Albert
15%
1930 Argentina Guillermo Stábile
15%
1986 Denmark Preben Elkjær Larsen
15%
1978 Netherlands Robert Rensenbrink
14%
1950 Brazil Ademir
12%
1974 Poland Andrzej Szarmach
11%
1954 West Germany Maximilian Morlock
10%
1990 Spain Michel
7%
1990 Czechoslovakia Tomáš Skuhravý
7%
1930 USA Bert Patenaude
6%
1938 Poland Ernest Wilimowski
5%
1934 Czechoslovakia Oldřich Nejedlý
5%
1974 Yugoslavia Dušan Bajević
4%
1934 Germany Edmund Conen
4%
1954 Austria Erich Probst
4%
1950 Uruguay Oscar Míguez
4%
1930 Uruguay Pedro Cea
4%
1934 Italy Angelo Schiavio
2%
1950 Chile Atilio Cremaschi
2%
1954 Turkey Burhan Sargın
2%
1954 Uruguay Carlos Borges
2%
1938 Sweden Gustav Wetterström
2%
1938 Sweden Harry Andersson
2%
1954 Switzerland Josef Hügi
2%
1954 Austria Theodor Wagner
2%
No matching quizzes found
Score Distribution
Percent of People with Each Score
Percentile by Number Answered
Your Score History
You have not taken this quiz since the last reset